| 000 | 01258nam a2200301 c 4500 | ||
|---|---|---|---|
| 003 | BLK | ||
| 005 | 20230509125919.0 | ||
| 008 | 180408b bul|||||r ||||||| ||bul|| | ||
| 010 | _aKNG00060219000 | ||
| 040 | _aBLK | ||
| 041 |
_aBUL _cBUL |
||
| 080 |
_aОснови на възпитанието (материални, теоретични, философски и др.). Педагогика _b37.01 _x(497.2)(091) _z37.01(497.2)(091) |
||
| 100 | 1 |
_aАтанасов, Жечо Господинов _eпърви автор _9364564 |
|
| 139 |
_aАтанасов, Жечо Господинов _bА 93 |
||
| 245 | 1 | 0 |
_aБългарска народна педагогика _bПринос към етнопедагогиката : Изследване _cЖечо Господинов Атанасов. |
| 257 | _aBGR | ||
| 260 |
_аСофия _bНар. просв. _c1986 _fХасково : печ. Ат. Стратиев |
||
| 300 |
_a175 с. _c21 см |
||
| 380 | _a3 | ||
| 500 | _aБиблиогр. под линия. | ||
| 650 | 4 |
_aПедагогика _9165929 |
|
| 653 | _aпедагогика | ||
| 852 | _aЦб 143350 | ||
| 856 | 4 |
_qpdf _u |
|
| 856 | 4 |
_qpdf _u |
|
| 942 |
_cKNG _n0 _04 |
||
| 944 |
_aCR _c13.06.2004 _kНаталия_Медовщикова |
||
| 944 |
_aED _c16.09.2008 _k |
||
| 999 |
_c56240 _d56240 |
||